| 000 | 00894cam a22002054a 4500 | ||
|---|---|---|---|
| 005 | 20250605164120.0 | ||
| 008 | 250528s ||||||||||||||||||||||||d | ||
| 035 | _a18229 | ||
| 020 | _a534073026 | ||
| 040 |
_aGR-AtMCL _bgre _dGR-AtMCL _eAACR2 |
||
| 245 | 1 | _aData Structures / with Abstract Data Types and Modula-2 | |
| 260 |
_bBrooks/Cole Publishing Company, _c1987 |
||
| 300 | _a558 | ||
| 520 | _aIntroduction, Arrays and Records and Simple Linked Lists, Stacks and Queues, Linear Structures, Trees, Internal Sorting, Sets, Strings, Graphs, Abstract Data Types Revisited, Comparison on Pascal and Modula-2, Recursion, Selected Applications, Modula-2 Reserved Words and Symbols and Identifiers and Modules, Notes on Checking Preconditions, References, Index. | ||
| 700 | 1 |
_aStubbs F. Daniel _94515 |
|
| 700 | 1 |
_aWebre W. Neil _94516 |
|
| 942 | _cBK | ||
| 999 |
_c3603 _d3603 |
||